[Event "Baku Jafarov Memorial"]
[Site "Baku"]
[Date "2024.01.06"]
[Round "4"]
[White "Shanava, Konstantine"]
[Black "Aliyev, Ravan"]
[Result "1/2-1/2"]
[WhiteElo "2459"]
[BlackElo "2311"]
[PlyCount "60"]
[EventDate "2024.01.04"]
[EventType "tourn"]
[EventRounds "9"]
[EventCountry "AZE"]
[EventCategory "6"]
[SourceTitle "CBM 218 Extra"]
[Source "ChessBase"]
[SourceDate "2024.03.31"]
[SourceVersion "1"]
[SourceVersionDate "2024.03.31"]
[SourceQuality "1"]

1. c4 g6 2. Nc3 Bg7 3. g3 c5 4. Bg2 Nc6 5. e3 e6 6. Nge2 Nge7 7. 0-0 0-0 8. d4 cxd4 9. Nxd4 d5 10. cxd5 Nxd4 11. exd4 Nxd5 12. Qb3 Ne7 13. Rd1 Nf5 14. Ne2 Nxd4 15. Nxd4 Bxd4 16. Bh6 Re8 17. Rxd4 Qxd4 18. Rd1 Qf6 19. Qb5 Rd8 20. Rd3 Bd7 21. Qg5 Qxg5 22. Bxg5 f6 23. Bxf6 Rf8 24. Be7 Rf7 25. Bc5 Rc8 26. Be3 b6 27. h4 Re8 28. Rd6 Bc8 29. Bc6 Ree7 30. Bg5 Rd7 1/2-1/2

[Event "Baku White Rook Cup"]
[Site "Baku"]
[Date "2023.01.06"]
[Round "6"]
[White "Shanava, Konstantine"]
[Black "Lu, Miaoyi"]
[Result "1-0"]
[WhiteElo "2498"]
[BlackElo "2399"]
[PlyCount "85"]
[EventDate "2023.01.03"]
[EventType "tourn"]
[EventRounds "9"]
[EventCountry "AZE"]
[EventCategory "6"]
[SourceTitle "CBM 212 Extra"]
[Source "ChessBase"]
[SourceDate "2023.03.31"]
[SourceVersion "1"]
[SourceVersionDate "2023.03.31"]
[SourceQuality "1"]

1. e4 c5 2. Nf3 Nc6 3. Bb5 e6 4. 0-0 Nge7 5. d4 cxd4 6. Nxd4 Ng6 7. Nc3 Be7 8. Nb3 0-0 9. f4 a6 10. Bd3 b5 11. a4 b4 12. Ne2 Bb7 13. Be3 d5 14. e5 d4 15. Nexd4 Nxd4 16. Bxd4 Nh4 17. Rf2 Qd5 18. Qg4 g6 19. Re1 h5 20. Qg3 Qd7 21. Bc5 Rac8 22. Bxe7 Qxe7 23. Nd2 Nf5 24. Qh3 Nh6 25. Nf1 Ng4 26. Rfe2 Qc5+ 27. Ne3 Qd4 28. Qg3 b3 29. c3 Qc5 30. Kh1 Rfd8 31. Nxg4 hxg4 32. Re3 Rd7 33. Qxg4 Rcd8 34. Bxg6 fxg6 35. Qxg6+ Rg7 36. Qxe6+ Rf7 37. Rg3+ Kf8 38. Qh6+ Ke7 39. Qh4+ Ke8 40. e6 Rf5 41. Rg8+ Rf8 42. e7 Bxg2+ 43. Rxg2 1-0

[Event "Baku Jafarov Memorial"]
[Site "Baku"]
[Date "2022.07.01"]
[Round "8"]
[White "Shanava, Konstantine"]
[Black "Al Hosani, Omran"]
[Result "1/2-1/2"]
[WhiteElo "2502"]
[BlackElo "2191"]
[PlyCount "79"]
[EventDate "2022.06.26"]
[EventType "swiss"]
[EventRounds "9"]
[EventCountry "AZE"]
[SourceTitle "EXT 2023"]
[Source "ChessBase"]
[SourceDate "2022.10.05"]
[SourceVersion "1"]
[SourceVersionDate "2022.10.05"]
[SourceQuality "1"]
[WhiteTeam "Shirvanshah"]
[BlackTeam "Guests"]
[WhiteTeamCountry "AZE"]
[BlackTeamCountry "AZE"]

1. c4 c5 2. Nc3 Nf6 3. Nf3 d5 4. cxd5 Nxd5 5. g3 e6 6. Bg2 Be7 7. 0-0 0-0 8. Nxd5 exd5 9. d4 Nc6 10. dxc5 Bxc5 11. Ne1 d4 12. Nd3 Bb6 13. b4 Re8 14. a4 a6 15. Bd2 Bg4 16. Re1 Qd7 17. Rc1 Rac8 18. Bf4 Qe7 19. Qb3 Bf5 20. Bd5 Be4 21. Bxe4 Qxe4 22. Nb2 d3 23. Qxd3 Qxb4 24. Nc4 Rcd8 25. Qb1 Bc5 26. Qa2 Nd4 27. Ne5 Qb3 28. Qxb3 Nxb3 29. Rb1 Nd4 30. Nd3 Bf8 31. Kf1 b5 32. axb5 axb5 33. Be5 Nf3 34. exf3 Rxd3 35. Rxb5 Rxf3 36. Bf4 Rxe1+ 37. Kxe1 Rd3 38. Rb8 f6 39. Be3 Kf7 40. Ke2 1/2-1/2

[Event "Gaprindashvili Cup 3rd"]
[Site "Tornelo INT"]
[Date "2020.11.12"]
[Round "1.1"]
[White "Chigladze, Iveri"]
[Black "Shanava, Konstantine"]
[Result "0-1"]
[WhiteElo "2335"]
[BlackElo "2504"]
[PlyCount "122"]
[EventDate "2020.11.12"]
[EventType "k.o. (rapid)"]
[EventRounds "4"]
[EventCountry "GEO"]
[SourceTitle "CBM 199 Extra"]
[Source "ChessBase"]
[SourceDate "2021.01.31"]
[SourceVersion "1"]
[SourceVersionDate "2021.01.31"]
[SourceQuality "1"]

1. Nf3 d5 2. g3 c6 3. Bg2 Bg4 4. c4 e6 5. 0-0 Nd7 6. cxd5 cxd5 7. Nc3 Ngf6 8. d3 Be7 9. e4 dxe4 10. dxe4 0-0 11. h3 Bxf3 12. Qxf3 Ne5 13. Qe2 Qd3 14. Rd1 Qxe2 15. Nxe2 Rfd8 16. Be3 Nc4 17. Bd4 e5 18. Bc3 Nd7 19. b3 Na3 20. Rd2 f6 21. Rad1 Nf8 22. Rxd8 Rxd8 23. Rxd8 Bxd8 24. Bb2 Be7 25. Nc3 Ne6 26. Nd5 Bc5 27. Bf1 a5 28. Bd3 Kf7 29. Kg2 Nd4 30. f4 Ke6 31. g4 exf4 32. Nxf4+ Kf7 33. Nh5 Nc6 34. Ng3 Ne5 35. Be2 Nc2 36. Nf5 g6 37. Ng3 Ne1+ 38. Kf1 Nc2 39. g5 Bd4 40. Bc1 Ne3+ 41. Kf2 Nd5+ 42. Ke1 Nc3 43. gxf6 Nxa2 44. Bg5 Nc3 45. h4 b5 46. Kd2 a4 47. bxa4 bxa4 48. Kc2 a3 49. Bc1 Nxe2 50. Nxe2 a2 51. Bb2 a1Q 52. Bxa1 Bxa1 53. Kb1 Kxf6 54. Kxa1 Nf3 55. Kb2 Ke5 56. Nc3 Nxh4 57. Kc2 Kd4 58. Kd2 Nf3+ 59. Ke2 Kxc3 60. Kxf3 Kd4 61. Kf4 h6 0-1

[Event "Gaprindashvili Cup 3rd"]
[Site "Tornelo INT"]
[Date "2020.11.12"]
[Round "4.1"]
[White "Shanava, Konstantine"]
[Black "Paichadze, Luka"]
[Result "0-1"]
[WhiteElo "2504"]
[BlackElo "2565"]
[PlyCount "76"]
[EventDate "2020.11.12"]
[EventType "k.o. (rapid)"]
[EventRounds "4"]
[EventCountry "GEO"]
[SourceTitle "CBM 199 Extra"]
[Source "ChessBase"]
[SourceDate "2021.01.31"]
[SourceVersion "1"]
[SourceVersionDate "2021.01.31"]
[SourceQuality "1"]

1. e4 c6 2. Nc3 d5 3. Nf3 Bg4 4. h3 Bxf3 5. Qxf3 e6 6. g3 Nd7 7. Bg2 Ngf6 8. d3 h5 9. Qe2 h4 10. g4 d4 11. Nb1 e5 12. 0-0 Bd6 13. c3 c5 14. Na3 a6 15. Nc4 Bc7 16. cxd4 cxd4 17. f4 b5 18. fxe5 Nxe5 19. Nxe5 Bxe5 20. a4 Nd7 21. g5 0-0 22. Qg4 Nc5 23. axb5 Nxd3 24. g6 fxg6 25. Bg5 Qd6 26. Bxh4 axb5 27. Rxa8 Rxa8 28. Bg5 Nxb2 29. h4 d3 30. Bh3 Nc4 31. h5 d2 32. hxg6 Qxg6 33. Kg2 Re8 34. Rg1 Bd4 35. Rd1 Be3 36. Qd7 Qxg5+ 37. Kh1 Qe7 38. Qxb5 Qxe4+ 0-1

[Event "Gaprindashvili Cup op 2nd"]
[Site "Tornelo INT"]
[Date "2020.11.10"]
[Round "7"]
[White "Shanava, Konstantine"]
[Black "Pantsulaia, Levan"]
[Result "1/2-1/2"]
[WhiteElo "2504"]
[BlackElo "2553"]
[PlyCount "135"]
[EventDate "2020.11.08"]
[EventType "swiss (rapid)"]
[EventRounds "9"]
[EventCountry "GEO"]
[SourceTitle "CBM 199 Extra"]
[Source "ChessBase"]
[SourceDate "2021.01.31"]
[SourceVersion "1"]
[SourceVersionDate "2021.01.31"]
[SourceQuality "1"]

1. e4 c5 2. Nf3 e6 3. d4 cxd4 4. Nxd4 a6 5. Nc3 b5 6. Bd3 Bb7 7. 0-0 Nc6 8. Nxc6 Bxc6 9. Re1 Qb8 10. a4 b4 11. Nd5 Bd6 12. Qh5 Be5 13. f4 Bd4+ 14. Kh1 Bxd5 15. exd5 Nf6 16. Qf3 0-0 17. dxe6 dxe6 18. f5 e5 19. g4 h6 20. g5 hxg5 21. Bxg5 Qd6 22. Rad1 Rac8 23. Bxf6 Qxf6 24. Re4 Rfd8 25. Qh3 Bxb2 26. Rh4 Qc6+ 27. Kg1 Bd4+ 28. Kf1 Kf8 29. f6 gxf6 30. Be4 Qxa4 31. Rh7 Rxc2 32. Rxf7+ Kxf7 33. Qh7+ Ke6 34. Bxc2 Qa2 35. Rb1 Qc4+ 36. Bd3 Qc3 37. Kg2 a5 38. Rf1 e4 39. Bxe4 Qc4 40. Bd3 Qc5 41. Kh1 Kd6 42. Rd1 Rh8 43. Qg6 Qd5+ 44. Be4 Rxh2+ 45. Kxh2 Be5+ 46. Kg2 Qxd1 47. Bf3 Qd2+ 48. Kf1 Qe3 49. Qf5 Bd4 50. Qd5+ Ke7 51. Kg2 b3 52. Qb7+ Kf8 53. Bd5 Qe2+ 54. Kh3 Qe7 55. Qb8+ Qe8 56. Qd6+ Qe7 57. Qb8+ Kg7 58. Qg3+ Kh7 59. Qh4+ Kg6 60. Be4+ Kf7 61. Bd5+ Ke8 62. Qxd4 Qe5 63. Qxe5+ fxe5 64. Bxb3 Ke7 65. Kg4 Kd6 66. Kf3 e4+ 67. Kxe4 a4 68. Bxa4 1/2-1/2

[Event "Gaprindashvili Cup op 2nd"]
[Site "Tornelo INT"]
[Date "2020.11.10"]
[Round "8"]
[White "Volkov, Nika"]
[Black "Shanava, Konstantine"]
[Result "0-1"]
[WhiteElo "2084"]
[BlackElo "2504"]
[PlyCount "110"]
[EventDate "2020.11.08"]
[EventType "swiss (rapid)"]
[EventRounds "9"]
[EventCountry "GEO"]
[SourceTitle "CBM 199 Extra"]
[Source "ChessBase"]
[SourceDate "2021.01.31"]
[SourceVersion "1"]
[SourceVersionDate "2021.01.31"]
[SourceQuality "1"]

1. d4 d5 2. c4 dxc4 3. e3 e6 4. Bxc4 Nf6 5. Nf3 c5 6. 0-0 cxd4 7. Nxd4 Bd7 8. b3 Nc6 9. Bb2 Be7 10. Qe2 Nxd4 11. Bxd4 0-0 12. Rd1 Qc7 13. Nd2 Bc6 14. Nf3 Rfd8 15. Rac1 Qa5 16. Ne5 Bd5 17. a4 Bxc4 18. Nxc4 Qb4 19. Qb2 Rac8 20. h3 h6 21. Bc3 Rxd1+ 22. Rxd1 Qc5 23. Bd4 Qb4 24. Ne5 a6 25. Rc1 Rd8 26. Rc7 Qe1+ 27. Kh2 Bd6 28. Rc1 Qb4 29. Rc4 Qa5 30. f4 Qd5 31. Nf3 Ne8 32. Qc2 Bf8 33. Rc8 Rxc8 34. Qxc8 Nd6 35. Qa8 f6 36. b4 Ne4 37. Qc8 Qc6 38. Qa8 Kf7 39. b5 axb5 40. a5 b4 41. Bb6 Qd5 42. Nd4 Be7 43. Qc8 b3 44. Nxb3 Qxb3 45. Qxb7 Nc5 46. Qa7 Qxe3 47. Qc7 e5 48. f5 Qf4+ 49. Kh1 Qc1+ 50. Kh2 Qf4+ 51. Kh1 Qf1+ 52. Kh2 Qb5 53. Qc8 Qd7 54. Qb8 e4 55. Kh1 Qd1+ 0-1

[Event "Ismagambetov Memorial 1st"]
[Site "Chess.com INT"]
[Date "2020.06.26"]
[Round "9"]
[White "Bocharov, Dmitry"]
[Black "Shanava, Konstantine"]
[Result "1-0"]
[WhiteElo "2524"]
[BlackElo "2504"]
[PlyCount "107"]
[EventDate "2020.06.26"]
[EventType "swiss (blitz)"]
[EventRounds "11"]
[EventCountry "KAZ"]
[SourceTitle "CBM 197 Extra"]
[Source "ChessBase"]
[SourceDate "2020.09.30"]
[SourceVersion "1"]
[SourceVersionDate "2020.09.30"]
[SourceQuality "1"]

1. c4 g6 2. g3 Bg7 3. Bg2 e5 4. Nc3 Nc6 5. e3 h5 6. h4 d6 7. d3 Bg4 8. Qd2 Nge7 9. b3 0-0 10. Bb2 a6 11. Nf3 Rb8 12. 0-0 Qd7 13. Kh2 Nd8 14. d4 Bxf3 15. Bxf3 exd4 16. exd4 Ne6 17. Ne2 Nf5 18. Be4 Nh6 19. Rad1 Rfe8 20. Bb1 Re7 21. Kg2 Rbe8 22. Ng1 Ng4 23. Nf3 d5 24. Rfe1 Qc6 25. cxd5 Qxd5 26. Be4 Nf4+ 27. Qxf4 Rxe4 28. Qd2 R4e6 29. Rxe6 Rxe6 30. Re1 Bh6 31. Qc3 Rf6 32. Re8+ Kh7 33. Qd3 Rf5 34. Qe4 Nf6 35. Qxd5 Rxd5 36. Rc8 c6 37. Ne5 Ne4 38. Rc7 Bg7 39. Rxf7 Kg8 40. Rxb7 Bxe5 41. dxe5 Rd2 42. Bc1 Rxf2+ 43. Kg1 Re2 44. Bf4 Nc5 45. Rb6 Ne6 46. Rxc6 Nd4 47. Rxg6+ Kf7 48. Rxa6 Nf3+ 49. Kf1 Rc2 50. e6+ Ke7 51. Bg5+ Nxg5 52. hxg5 Rc5 53. Kg2 Rxg5 54. Kh3 1-0

[Event "Ismagambetov Memorial 1st"]
[Site "Chess.com INT"]
[Date "2020.06.26"]
[Round "7"]
[White "Grachev, Boris V"]
[Black "Shanava, Konstantine"]
[Result "0-1"]
[WhiteElo "2612"]
[BlackElo "2504"]
[PlyCount "96"]
[EventDate "2020.06.26"]
[EventType "swiss (blitz)"]
[EventRounds "11"]
[EventCountry "KAZ"]
[SourceTitle "CBM 197 Extra"]
[Source "ChessBase"]
[SourceDate "2020.09.30"]
[SourceVersion "1"]
[SourceVersionDate "2020.09.30"]
[SourceQuality "1"]

1. d4 d5 2. Bf4 c5 3. e3 Nc6 4. c3 Nf6 5. Nd2 Bg4 6. Ngf3 e6 7. Qa4 Bxf3 8. Nxf3 cxd4 9. Nxd4 Qd7 10. Bb5 Rc8 11. 0-0 Bc5 12. Nxc6 bxc6 13. Ba6 Rd8 14. c4 0-0 15. Rac1 Bb6 16. Rfd1 Ne4 17. cxd5 cxd5 18. Qxd7 Rxd7 19. Kf1 g5 20. Be5 f6 21. Bd4 Rb8 22. Bc8 Re7 23. b3 Kf7 24. Rc6 Bxd4 25. Rxd4 Rb6 26. Rc2 Nd6 27. Ra4 Ke8 28. Ba6 Kd8 29. Bd3 h6 30. Ke2 f5 31. f4 Rg7 32. g3 g4 33. Kd2 h5 34. Kc3 Rc7+ 35. Kd4 Rxc2 36. Bxc2 Rb7 37. Bd3 Ke7 38. Ra6 Nc8 39. Kc3 Nb6 40. a4 Rc7+ 41. Kb2 Nd7 42. b4 h4 43. a5 hxg3 44. hxg3 Nb8 45. Kb3 Nxa6 46. Bxa6 Kd6 47. Kb2 Rh7 48. b5 Rh3 0-1

[Event "Ismagambetov Memorial 1st"]
[Site "Chess.com INT"]
[Date "2020.06.26"]
[Round "11"]
[White "Shanava, Konstantine"]
[Black "Abdisalimov, Abdimalik"]
[Result "1-0"]
[WhiteElo "2504"]
[BlackElo "2397"]
[PlyCount "93"]
[EventDate "2020.06.26"]
[EventType "swiss (blitz)"]
[EventRounds "11"]
[EventCountry "KAZ"]
[SourceTitle "CBM 197 Extra"]
[Source "ChessBase"]
[SourceDate "2020.09.30"]
[SourceVersion "1"]
[SourceVersionDate "2020.09.30"]
[SourceQuality "1"]

1. e4 c5 2. Nf3 d6 3. d4 cxd4 4. Qxd4 a6 5. h3 Nf6 6. c4 g6 7. Be2 Bg7 8. 0-0 0-0 9. Qe3 Nbd7 10. Nc3 b6 11. Rd1 Bb7 12. Rb1 Rc8 13. b3 Nc5 14. e5 Nfe4 15. Bb2 Qc7 16. Nxe4 Nxe4 17. exd6 Nxd6 18. Bxg7 Kxg7 19. Rbc1 Rfe8 20. b4 Nf5 21. Qe5+ Qxe5 22. Nxe5 Red8 23. Nd7 b5 24. Nc5 Rxd1+ 25. Rxd1 Bc6 26. Nxa6 bxc4 27. Bxc4 Bxg2 28. Kxg2 Rxc4 29. b5 Ra4 30. Rb1 Nd6 31. Nc5 Rxa2 32. b6 Ra8 33. Nd7 Nb7 34. Rc1 Nd6 35. Rc7 Ra5 36. b7 Nxb7 37. Rxb7 f6 38. Nb8 Kf8 39. Nc6 Rg5+ 40. Kf1 Rh5 41. Nxe7 Rxh3 42. Nd5 f5 43. Nf6 h5 44. Kg2 Rc3 45. f3 h4 46. Kh3 g5 47. Nh7+ 1-0